Tanúlmányok a gyermeki lélekről

Bibliographic Details
Main Author: Bognár, Cecil (Author)
Format: Book
Language:Hungarian
PhysicalDescription:114, [2] s. 8°
Published: Berlin Ludwig Voggenreiter 1925
Subjects:

MARC

LEADER 00000nam a2200000 a 4500
001 vtls008365029
003 SK-MaSNL
005 20260301123403.0
008 251124s1925 xo hun
015 |a SKSNBA19191938-004122 
035 |a SK01SNKBIKKM20010057246 
035 |a SKM000059709 
040 |a SNK  |b slo  |c SNK  |e AACR2 
041 1 |a hun 
044 |a xo  |a ge 
080 |a 159.9  |2 1981 
100 1 |a Bognár, Cecil  |4 aut  |9 470285 
245 1 0 |a Tanúlmányok a gyermeki lélekről  |c Bognár Cecil 
260 |a Berlin  |b Ludwig Voggenreiter  |c 1925  |e Bratislava  |e = Pozsony  |f Concordia 
300 |a 114, [2] s.  |c 8° 
505 0 |a Úvod 
650 0 7 |a psychológia dieťaťa  |2 SNKPH  |9 1793 
655 7 |a knihy  |2 SNKPH  |9 307098 
852 |a Slovenská národná knižnica v Martine  |b 10000  |h MS SD 12923 
852 |a Univerzitná knižnica v Bratislave  |b 300000  |h 21 G 4129 
958 |a OND 
958 |a RK 
958 |a TL 
999 |c 736015  |d 737945 
952 |a SNK  |b SNK  |y PREZ  |7 0  |p 17A0498871  |o snkSD 12923  |i snk2642/57  |0 0  |1 0  |4 0  |d 2006-02-27  |l 0  |r 2025-11-26 00:00:00  |w 2026-02-23